000
00320nam a2200121Ia 4500
005
20251223000717.0
008
251222s9999||||xx |||||||||||||| ||spa||
082
_a
343.6/P85
245
0
_a
Bases del Plan Nacional de Regionalización
250
_a
1ra.ed.
264
_b
Presidencia del Consejo de Ministros
942
_c
LIB
999
_c
41512
_d
41512